000 00853nas a2200265 4500
001 BR0905829
003 BR-BrBNA
005 20231205113744.0
007 ta
008 230509b bl.|||p| |||| 00| 00por d
040 _aBR-BrBNA
_bpor
_cBiblioteca Nacional de Agricultura
041 _a(Pt)
072 _aH10
100 1 _aMonteiro, L.B.
100 1 _aDoll, A.
100 1 _aBoeing, L.F.
245 1 _aDensidade de Neoseiulus californicus (Mcgregor, 1954)(Acari: Phytoseiidae)no controle do ácaro-vermelho da macieira, Fraiburgo- SC
650 _aMAÇÃ
650 _aÁCARO VERMELHO
650 _aCONTROLE BIOLÓGICO
650 _aSANTA CATARINA
773 0 _tRevista Brasileira de Fruticultura (Brazil)
_xISSN 0100 2945
_g(Dec 2008), v. 30(4) p. 902-906
_wBR0905829
909 _a202311
_bLúcia
_c55
_dLúcia Elande
942 _2AGRIS
_n0
_cANA
999 _c205431
_d205431